Christopher Nolan Movies - Statistics

General Stats
  • This quiz has been taken 146 times
  • The average score is 10 of 12
Answer Stats
Release Year Answer % Correct
2010 Inception
93%
2008 The Dark Knight
93%
2012 The Dark Knight Rises
92%
2023 Oppenheimer
91%
2005 Batman Begins
89%
2014 Interstellar
89%
2020 Tenet
86%
2000 Memento
81%
2006 The Prestige
76%
2017 Dunkirk
72%
2002 Insomnia
54%
1998 Following
46%
No matching quizzes found
Score Distribution
Percent of People with Each Score
Percentile by Number Answered
Your Score History
You have not taken this quiz